000 00355nam a22001577a 4500
003 SGT
020 _a978-0-07-013988-6
082 _a620.105
_bSRI
100 _aSRINATH,L.S
245 _aADVANCED MECHANICS OF SOLIDS
250 _a3RD
260 _aNEW DELHI
_bMC-GRAW HILL
_c2014
300 _a504
650 _aMECHANICAL ENGINERING
942 _2ddc
_cBK
999 _c14063
_d14063